000 00496nam a22001697a 4500
003 OSt
008 260505b |||||||| |||| 00| 0 eng d
082 _a633.18
_bT78R
100 _aTripathi, Sachchida Nand
245 _aRelative Efficiency of Slow Release Nitrogen Sources on Transplanted Rice and Their Residual Effect on Succeeding Wheat Crop
260 _aPusa, Samastipur
_bRAU
_c1977
300 _a79P.
502 _bMsc.
_d1977
650 _aAgronomy
650 _aMsc.
942 _2ddc
_cT
999 _c50421
_d50421